000 00242nam a2200097Ia 4500
001 709032
005 20250826162538.0
008 250824s9999 xx 000 0 und d
245 0 _aİSTANBULDAN BODRUMA
_cBETÜL AVUNÇ
260 _bTUDEM YAYINLARI
999 _c709032
_d709032